| 000 | 00554 a2200145 4500 | ||
|---|---|---|---|
| 082 | _aBIT-9 | ||
| 100 |
_aSaqib Khan _922895 |
||
| 245 |
_aFYP document secure network infrastructure using mobile agent _cSaqib Khan _hMediam |
||
| 260 |
_aIslamabad _bNUST School of Electrical Engineering and Computer Science |
||
| 300 |
_aiv, 47 p. _b: ill _c; 27 cm. + _eCD-ROM |
||
| 500 | _aSupervisors : Dr.Awais Shibli,Mr.Qasim Rajpoot | ||
| 700 |
_aMudaser Mahmood _992549 |
||
| 856 | _uhttp://10.250.8.41:8080/xmlui/handle/123456789/25030 | ||
| 942 |
_cPR _kBIT-9 SAQ _2ddc |
||
| 999 |
_c10605 _d10605 |
||